000 00951nam a22003137a 4500
001 BR9001465
003 BR-BrBNA
005 20230928093412.0
007 ta
008 230509b bl.||||| |||| 00| 0 por d
040 _aBR-BrBNA
_bpor
_cBiblioteca Nacional de Agricultura
041 _a(Por)
072 _aE14; E16; E71
_b/G514
090 _ E14 BR9001465
110 1 _aMinisterio da Agricultura, Brasilia, DF (Brasil). Coordenadoria de Assuntos Economicos
_96769
245 1 _aO setor agropecuario no Brasil
_bTexto para consulta dos estagiarios da Escola Superior de Guerra
260 3 _aBrasilia, DF (Brasil):
_c1985.
300 _a76 p.
500 _a19 tables; 7 ref.
650 _aPOLITICA AGRICOLA
650 _aDESENVOLVIMENTO AGRICOLA
650 _aESTATISTICA DE PRODUCAO
650 _aEXPORTACAO
650 _aIMPORTACAO
650 _aCREDITO
650 _aPRECO
909 _a202309
_bLucia
_c55
_dLucia Elande
942 _cBK
999 _c44781
_d44781